Marketing management (Record no. 106727)

MARC details
000 -LEADER
fixed length control field 00343nam a2200145Ia 4500
008 - FIXED-LENGTH DATA ELEMENTS--GENERAL INFORMATION
fixed length control field 230917s9999||||xx |||||||||||||| ||und||
040 ## - CATALOGING SOURCE
-- 73376
Original cataloging agency VIVEKANANDA LIBRARY
041 ## - Language
-- English
082 ## - DDC NUMBER
Classification number 658.8 M31M
100 ## - MAIN ENTRY--PERSONAL NAME
Personal name Mamoria, C B
245 #0 - TITLE STATEMENT
Title Marketing management
260 ## - PUBLICATION, DISTRIBUTION, ETC. (IMPRINT)
Place of publication, distribution, etc Patna
Name of publisher, distributor, etc Kitab Mahal
Date of publication, distribution, etc 1999
300 ## - PHYSICAL DESCRIPTION
Pages xix, 828 p.
942 ## - ADDED ENTRY ELEMENTS (KOHA)
Koha item type Books
Holdings
Withdrawn status Lost status Source of classification or shelving scheme Damaged status Not for loan Location (home branch) Sublocation or collection (holding branch) Shelving location Date acquired Koha issues (times borrowed) Koha full call number Accession No. Koha date last seen Koha item type
Withdrawn   Dewey Decimal Classification Damaged   VIVEKANANDA LIBRARY VIVEKANANDA LIBRARY IMSAR Library 11/02/2003   658.8 M31M 192484 17/09/2023 Books
Withdrawn   Dewey Decimal Classification Damaged   VIVEKANANDA LIBRARY VIVEKANANDA LIBRARY IMSAR Library 11/02/2003   658.8 M31M 192485 17/09/2023 Books
          VIVEKANANDA LIBRARY VIVEKANANDA LIBRARY IMSAR Library 11/02/2003 3 658.8 M31M 192486 31/12/2024 Books
          VIVEKANANDA LIBRARY VIVEKANANDA LIBRARY IMSAR Library 11/02/2003   658.8 M31M 192487 17/09/2023 Books
          VIVEKANANDA LIBRARY VIVEKANANDA LIBRARY IMSAR Library 11/02/2003 1 658.8 M31M 192488 14/10/2024 Books
© Designed and Maintained by Vivekananda Library, MDU Rohtak